Black Panther. A nation under our feet. #4 / ... Read More
Available copies
- 2 of 2 copies available at LARL/NWRL Consortium.
Current holds
0 current holds with 2 total copies.
Show Only Available Copies
| Location | Call Number / Copy Notes | Barcode | Shelving Location | Status | Due Date |
|---|---|---|---|---|---|
| Detroit Lakes Public Library | Y G COA (Text) | 33500013131032 | Main | Available | - |
| Moorhead Public Library | Y G COA (Text) | 33500013131040 | Main | Available | - |
Record details
- ISBN: 9781532143540
- ISBN: 1532143540
- Physical Description: 1 volume (unpaged) : chiefly color illustrations ; ... Read More
- Edition: Reinforced library bound edition.
- Publisher: Minneapolis, Minnesota : Spotlight, a division of ABDO, 2020.
Content descriptions
| General Note: | "Black Panther created by Stan Lee & Jack Kirby"--Title page verso. |
| Summary, etc.: | "Ayo and Aneka are offered a job; Tetu and Zenzi ... Read More |
Search for related items by subject
| Genre: | Comic books, strips, etc. Comics (Graphic works) Graphic novels. Superhero comics. Superhero comic books, strips, etc.. Superhero comics. Comics (Graphic works) Graphic novels. |
Search for related items by series
| LDR | 02946cam a2200637Ii 4500 | ||
|---|---|---|---|
| 001 | 329701 | ||
| 003 | LARL_NWRL_CONSORTIUM | ||
| 005 | 20190918200312.0 | ||
| 008 | 190309s2020 mnua j 6 000 1 eng d | ||
| 010 | . | ‡a 2018965952 | |
| 040 | . | ‡aYDX ‡beng ‡erda ‡cYDX ‡dHBP ‡dOCLCF ‡dIHX | |
| 020 | . | ‡a9781532143540 ‡q(library binding) | |
| 020 | . | ‡a1532143540 ‡q(library binding) | |
| 035 | . | ‡a(OCoLC)1089565709 | |
| 043 | . | ‡af------ | |
| 082 | 0 | 4. | ‡a741.5/973 ‡223 |
| 100 | 1 | . | ‡aCoates, Ta-Nehisi, ‡eauthor. ‡0(LARL_NWRL_CONSORTIUM)221179 |
| 245 | 1 | 0. | ‡aBlack Panther. ‡pA nation under our feet. ‡n#4 / ‡cwriter, Ta-Nehisi Coates ; artist, Brian Stelfreeze ; color artist, Laura Martin, with Matt Milla ; letterer, VC's Joe Sabino. |
| 246 | 3 | . | ‡aBlack Panther. ‡nPart four, ‡pA nation under our feet |
| 246 | 3 | . | ‡aBlack Panther. ‡n4, ‡pA nation under our feet |
| 246 | 3 | 0. | ‡aNation under our feet |
| 250 | . | ‡aReinforced library bound edition. | |
| 264 | 1. | ‡aMinneapolis, Minnesota : ‡bSpotlight, a division of ABDO, ‡c2020. | |
| 300 | . | ‡a1 volume (unpaged) : ‡bchiefly color illustrations ; ‡c27 cm | |
| 336 | . | ‡atext ‡btxt ‡2rdacontent | |
| 336 | . | ‡astill image ‡bsti ‡2rdacontent | |
| 337 | . | ‡aunmediated ‡bn ‡2rdamedia | |
| 338 | . | ‡avolume ‡bnc ‡2rdacarrier | |
| 490 | 0 | . | ‡aBlack Panther. A nation under our feet ; ‡v4 |
| 500 | . | ‡a"Black Panther created by Stan Lee & Jack Kirby"--Title page verso. | |
| 520 | . | ‡a"Ayo and Aneka are offered a job; Tetu and Zenzi turn to a weaponeer and biotechnology expert to attack city square; T'Challa puts aside his mission to free Shuri from the Djalia; Shuri is guided by a griot spirit who has taken the visual form of Ramonda"--Amazon. | |
| 600 | 0 | 0. | ‡aBlack Panther ‡c(Fictitious character) ‡vComic books, strips, etc. |
| 650 | 0. | ‡aSuperheroes ‡vComic books, strips, etc. | |
| 650 | 0. | ‡aKings and rulers ‡vComic books, strips, etc. | |
| 650 | 0. | ‡aInsurgency ‡vComic books, strips, etc. | |
| 651 | 0. | ‡aAfrica ‡vComic books, strips, etc. | |
| 600 | 0 | 7. | ‡aBlack Panther ‡c(Fictitious character) ‡2fast |
| 650 | 7. | ‡aInsurgency. ‡2fast ‡0(LARL_NWRL_CONSORTIUM)178425 | |
| 650 | 7. | ‡aKings and rulers. ‡2fast ‡0(LARL_NWRL_CONSORTIUM)178458 | |
| 650 | 7. | ‡aSuperheroes. ‡2fast ‡0(LARL_NWRL_CONSORTIUM)177502 | |
| 651 | 7. | ‡aAfrica. ‡2fast ‡0(LARL_NWRL_CONSORTIUM)12905 | |
| 655 | 7. | ‡aComic books, strips, etc. ‡2fast | |
| 655 | 7. | ‡aComics (Graphic works) ‡2fast | |
| 655 | 7. | ‡aGraphic novels. ‡2fast | |
| 655 | 7. | ‡aSuperhero comics. ‡2fast | |
| 655 | 7. | ‡aSuperhero comic books, strips, etc.. ‡2gsafd | |
| 655 | 7. | ‡aSuperhero comics. ‡2lcgft | |
| 655 | 7. | ‡aComics (Graphic works) ‡2lcgft | |
| 655 | 7. | ‡aGraphic novels. ‡2lcgft | |
| 700 | 1 | . | ‡aStelfreeze, Brian, ‡eillustrator. |
| 700 | 1 | . | ‡aMartin, Laura ‡c(Comic book artist), ‡ecolorist. |
| 700 | 1 | . | ‡aMilla, Matt, ‡ecolorist. |
| 700 | 1 | . | ‡aSabino, Joe, ‡eletterer. |
| 901 | . | ‡a329701 ‡b ‡c329701 ‡tbiblio | |

Add to basket
Permalink
Disable Highlighting